00848cam a2200205Ia 4500020001500000020002900015020002900044040000800073082002600081245005500107246002700162246002600189246001300215260005700228300026300285500001900548650001300567700002100580710004100601 a053867122X a0538675225 (t. ed., v.1) a0538675233 (t. ed., v.2) cKMM a516 SOU 1998 A063 Or.00aSouth-Western geometry :ban integrated approach /3 aSouth Western geometry30aSouthwestern geometry30aGeometry aCincinnati :bSouth-Western Educational Pub.,cc1998 a2 teachers's edition v. 1 and v. 2, 1 student text, 13 chapter books, 1 study skills activities, 1 technology activities, 1 multicultural connections, 1 solutions manual, 1 lesson plans, 1 mathematics handbook, 1 transparency masters, 1 manual de matematicas aIncludes index 0aGeometry1 aGerver, Robert K2 aSouth-Western Educational Publishing